[Event "Dutch Open 2010"]
[Site "Dieren NED"]
[Date "2010.07.27"]
[Round "1.24"]
[White "Zelbel, Patrick"]
[Black "Kahleys, Kevin"]
[Result "0-1"]
[WhiteElo "2345"]
[BlackElo "2071"]
[PlyCount "134"]
[EventDate "2010.07.27"]
[EventType "swiss"]
[EventRounds "9"]
[EventCountry "NED"]
[Source "lmi"]
[SourceDate "2010.07.27"]

1. d4 d5 2. Nf3 c6 3. c4 Nf6 4. Nc3 e6 5. e3 Nbd7 6. Qc2 Bd6 7. g4 h6 8. h3 Qe7
9. Bd2 b6 10. O-O-O Bb7 11. cxd5 cxd5 12. Kb1 Rc8 13. Bd3 a6 14. Rhg1 b5 15.
Qb3 Nb6 16. Rc1 Nc4 17. Be1 Bc6 18. Ne2 a5 19. Ne5 Bxe5 20. dxe5 Nd7 21. Nd4
Ndxe5 22. Nxc6 Rxc6 23. Bxc4 Nxc4 24. Qxb5 Qc7 25. Qa4 O-O 26. b3 Rb8 27. Ka1
Ne5 28. Rxc6 Qxc6 29. Qxc6 Nxc6 30. Bd2 Kf8 31. Rc1 Rb6 32. Rc5 Ra6 33. Kb2 Ke7
34. Rb5 Ra7 35. a3 Kd7 36. Rc5 Kd6 37. Rc1 Ne5 38. Rc8 Nd3+ 39. Kc2 Nxf2 40.
Bc3 f6 41. Rd8+ Ke7 42. Rb8 Rc7 43. Rg8 Kf7 44. Ra8 e5 45. Rd8 Ne4 46. Rxd5
Rxc3+ 47. Kb2 Rc5 48. Rd7+ Kg8 49. b4 axb4 50. axb4 Rb5 51. Ka3 Rb8 52. Ka4 Kf8
53. Ka5 Nc3 54. Rd3 Rb5+ 55. Ka6 Rxb4 56. Rxc3 h5 57. gxh5 Kg8 58. h6 gxh6 59.
Ka5 Rb1 60. h4 h5 61. Rc7 Rb3 62. e4 Rh3 63. Kb5 Rxh4 64. Rc4 Rg4 65. Kc5 h4
66. Kd5 h3 67. Rc3 Rh4 0-1

[Event "Dutch Open 2010"]
[Site "Dieren NED"]
[Date "2010.07.27"]
[Round "1.25"]
[White "Blom, Vincent"]
[Black "Sprangers, Remco"]
[Result "1-0"]
[WhiteElo "2089"]
[BlackElo "2260"]
[PlyCount "79"]
[EventDate "2010.07.27"]
[EventType "swiss"]
[EventRounds "9"]
[EventCountry "NED"]
[Source "lmi"]
[SourceDate "2010.07.27"]

1. Nf3 Nc6 2. d4 d5 3. Bf4 Nf6 4. h3 g6 5. e3 Bg7 6. Be2 O-O 7. O-O Ne4 8. Nbd2
Nxd2 9. Qxd2 e6 10. Rfd1 Ne7 11. b4 b6 12. Rac1 Bb7 13. Bh2 Rc8 14. a4 Nf5 15.
c4 Nd6 16. c5 Ne4 17. Qa2 c6 18. a5 b5 19. a6 Ba8 20. Nd2 f5 21. Nxe4 fxe4 22.
Bg4 Qd7 23. Rf1 h5 24. Bd1 e5 25. dxe5 Rce8 26. f4 exf3 27. Rxf3 Bxe5 28. Rxf8+
Kxf8 29. Qf2+ Kg8 30. Bxe5 Rxe5 31. Bc2 Kg7 32. Rf1 Qe7 33. Qg3 Qe6 34. Bxg6 h4
35. Qxh4 Qxg6 36. Qf4 Re8 37. Rf3 Qb1+ 38. Kh2 Rg8 39. Rg3+ Kh8 40. Qf6+ 1-0

[Event "Dutch Open 2010"]
[Site "Dieren NED"]
[Date "2010.07.28"]
[Round "2.1"]
[White "Michalczak, Thomas"]
[Black "L'Ami, Erwin"]
[Result "1/2-1/2"]
[WhiteElo "2367"]
[BlackElo "2620"]
[PlyCount "148"]
[EventDate "2010.07.27"]
[EventType "swiss"]
[EventRounds "9"]
[EventCountry "NED"]
[Source "lmi"]
[SourceDate "2010.07.27"]

1. e4 e5 2. Nf3 Nc6 3. Bb5 Nf6 4. O-O Nxe4 5. Qe2 Nd6 6. Bxc6 dxc6 7. Qxe5+ Qe7
8. Qa5 Qd7 9. Qc3 Nf5 10. d3 Be7 11. Bg5 f6 12. Bf4 b6 13. Nbd2 Bb7 14. Ne4 c5
15. Rae1 O-O-O 16. Ng3 Rhe8 17. Nxf5 Qxf5 18. Bg3 h5 19. Re3 Bf8 20. Rfe1 Rxe3
21. fxe3 Qe6 22. e4 Be7 23. Nh4 c4 24. Nf5 Bc5+ 25. d4 Qxf5 26. exf5 Bxd4+ 27.
Qxd4 Rxd4 28. Re7 h4 29. Be1 Rg4 30. g3 Re4 31. Rxe4 Bxe4 32. g4 Bxc2 33. Bxh4
Kd7 34. Kf2 c5 35. Ke3 b5 36. Be1 b4 37. Kd2 Bb1 38. a3 a5 39. Bf2 Kc6 40. h4
Be4 41. axb4 cxb4 42. Bd4 a4 43. g5 c3+ 44. Kc1 cxb2+ 45. Kxb2 Kd5 46. gxf6 a3+
47. Kc1 Kxd4 48. f7 b3 49. f8=Q b2+ 50. Kd2 b1=Q 51. Qxg7+ Kd5 52. Qf7+ Kc6 53.
Qe8+ Kd5 54. Qf7+ Ke5 55. Qe7+ Kf4 56. Qg5+ Kf3 57. Qe3+ Kg2 58. Qxa3 Bxf5 59.
Qa8+ Be4 60. Qg8+ Kh2 61. Qg5 Qd3+ 62. Ke1 Kh3 63. h5 Bf3 64. Qd2 Qf5 65. h6
Be4 66. Qe3+ Kg4 67. Qg1+ Kh5 68. Qh2+ Kg6 69. h7 Qa5+ 70. Qd2 Qa1+ 71. Qd1
Qc3+ 72. Qd2 Qg3+ 73. Qf2 Qxf2+ 74. Kxf2 Kxh7 1/2-1/2

[Event "Dutch Open 2010"]
[Site "Dieren NED"]
[Date "2010.07.28"]
[Round "2.2"]
[White "Ernst, Sipke"]
[Black "Miedema, David"]
[Result "1-0"]
[WhiteElo "2583"]
[BlackElo "2414"]
[PlyCount "111"]
[EventDate "2010.07.27"]
[EventType "swiss"]
[EventRounds "9"]
[EventCountry "NED"]
[Source "lmi"]
[SourceDate "2010.07.27"]

1. d4 Nf6 2. c4 e6 3. g3 d5 4. Nf3 dxc4 5. Bg2 Nc6 6. Qa4 Bb4+ 7. Bd2 Nd5 8.
Bxb4 Ndxb4 9. Na3 O-O 10. O-O a6 11. Ne5 Qxd4 12. Nxc6 Nxc6 13. Bxc6 bxc6 14.
Nxc4 Qe4 15. f3 Qd4+ 16. Kg2 e5 17. Rfd1 Qc5 18. Rac1 e4 19. Qa5 Qe7 20. f4 Rb8
21. Qc3 Rb5 22. Ne3 Qe6 23. b3 Qh3+ 24. Kg1 Rh5 25. Nf1 Rh6 26. Qe5 Bg4 27. Rc2
Re6 28. Qxc7 g6 29. Rd8 e3 30. Rxf8+ Kxf8 31. Qd8+ Kg7 32. Qd4+ Kg8 33. Qd8+
Kg7 34. Qd4+ Kg8 35. Nxe3 Bf5 36. Qd8+ Kg7 37. Qd4+ Kg8 38. Rc5 Bb1 39. Qd8+
Kg7 40. Qd4+ Kg8 41. a4 h5 42. Re5 Rxe5 43. Qxe5 Qd7 44. Kf2 Qb7 45. Qb2 Be4
46. Qd4 Qe7 47. b4 Kh7 48. a5 f5 49. h4 Qb7 50. Qb6 Qc8 51. Qa7+ Kg8 52. Qe7
Qf8 53. Qxf8+ Kxf8 54. Nc4 Ke7 55. Ke3 Ke6 56. Kd4 1-0

[Event "Dutch Open 2010"]
[Site "Dieren NED"]
[Date "2010.07.28"]
[Round "2.3"]
[White "Ikonnikov, Vyacheslav"]
[Black "Odendahl, Reiner"]
[Result "1-0"]
[WhiteElo "2578"]
[BlackElo "2382"]
[PlyCount "97"]
[EventDate "2010.07.27"]
[EventType "swiss"]
[EventRounds "9"]
[EventCountry "NED"]
[Source "lmi"]
[SourceDate "2010.07.27"]

1. d4 Nf6 2. Nf3 g6 3. c4 c5 4. Nc3 cxd4 5. Nxd4 Nc6 6. e4 d6 7. Be2 Bg7 8. Be3
O-O 9. O-O Bd7 10. Qd2 Nxd4 11. Bxd4 Bc6 12. f3 a5 13. b3 Nd7 14. Bxg7 Kxg7 15.
Rab1 f6 16. a3 Rf7 17. Rfd1 b6 18. b4 Qb8 19. Kh1 Qa7 20. Rdc1 axb4 21. axb4
Nf8 22. Nb5 Qd7 23. Qe3 Rb8 24. Ra1 Qd8 25. Ra7 Rb7 26. Rxb7 Bxb7 27. Rd1 Bc6
28. Nc3 Qb8 29. Qd2 Nd7 30. h3 g5 31. Nd5 Ne5 32. Ne3 Bd7 33. Ra1 Be6 34. Qd4
Nc6 35. Qc3 Rf8 36. Nd5 Qb7 37. Kh2 Ne5 38. Qd4 Rb8 39. g3 Bxd5 40. exd5 Rc8
41. f4 gxf4 42. gxf4 Ng6 43. Rg1 Kh8 44. Bg4 Ra8 45. Be6 Ra2+ 46. Kh1 Ra3 47.
h4 Qb8 48. h5 Qf8 49. Qb2 1-0

[Event "Dutch Open 2010"]
[Site "Dieren NED"]
[Date "2010.07.28"]
[Round "2.4"]
[White "De Jong, Migchiel"]
[Black "Moradiabadi, Elshan"]
[Result "0-1"]
[WhiteElo "2358"]
[BlackElo "2571"]
[PlyCount "86"]
[EventDate "2010.07.27"]
[EventType "swiss"]
[EventRounds "9"]
[EventCountry "NED"]
[Source "lmi"]
[SourceDate "2010.07.27"]

1. e4 c5 2. Nf3 Nc6 3. d4 cxd4 4. Nxd4 Nf6 5. Nc3 e5 6. Ndb5 d6 7. a4 a6 8. Na3
Bg4 9. f3 Be6 10. Bc4 Rc8 11. Bg5 Be7 12. Bxf6 Bxf6 13. Nd5 O-O 14. c3 Bg5 15.
Qe2 Ne7 16. Nxe7+ Qxe7 17. O-O Bxc4 18. Nxc4 d5 19. Na3 dxe4 20. fxe4 Rfd8 21.
Rad1 Qe6 22. Nc2 Rxd1 23. Rxd1 Qb6+ 24. Qf2 Qxb2 25. Nb4 Qxc3 26. Nd5 Qc1 27.
Rf1 Qxf1+ 28. Kxf1 Rc1+ 29. Qe1 Rxe1+ 30. Kxe1 Kf8 31. Ke2 Ke8 32. Kd3 Kd7 33.
Kc4 Kc6 34. Nb4+ Kd6 35. g4 g6 36. h3 Ke6 37. Nd5 f5 38. gxf5+ gxf5 39. Kd3 f4
40. Ke2 Kd6 41. Kf3 b5 42. axb5 axb5 43. Kg4 Bd8 0-1

[Event "Dutch Open 2010"]
[Site "Dieren NED"]
[Date "2010.07.28"]
[Round "2.5"]
[White "Milov, Leonid"]
[Black "Afek, Yochanan"]
[Result "1-0"]
[WhiteElo "2562"]
[BlackElo "2310"]
[PlyCount "59"]
[EventDate "2010.07.27"]
[EventType "swiss"]
[EventRounds "9"]
[EventCountry "NED"]
[Source "lmi"]
[SourceDate "2010.07.27"]

1. e4 c5 2. Nf3 Nf6 3. e5 Nd5 4. Nc3 e6 5. Nxd5 exd5 6. d4 Nc6 7. dxc5 Bxc5 8.
Qxd5 d6 9. exd6 Qb6 10. Bc4 Bxf2+ 11. Ke2 O-O 12. Rd1 Bg4 13. Kf1 Rad8 14. Bf4
Bc5 15. a3 Rd7 16. b4 Be3 17. Bg3 Rc8 18. Qe4 Bxf3 19. gxf3 Bd4 20. Rab1 Bf6
21. Bd3 g6 22. c4 Qd8 23. c5 Qf8 24. Qg4 Rcd8 25. Bb5 h5 26. Qc4 Qh6 27. Qf4
Qg7 28. Qe4 Rc8 29. Bxc6 bxc6 30. b5 1-0

[Event "Dutch Open 2010"]
[Site "Dieren NED"]
[Date "2010.07.28"]
[Round "2.6"]
[White "Klein, David"]
[Black "Neverov, Valeriy"]
[Result "1/2-1/2"]
[WhiteElo "2297"]
[BlackElo "2544"]
[PlyCount "55"]
[EventDate "2010.07.27"]
[EventType "swiss"]
[EventRounds "9"]
[EventCountry "NED"]
[Source "lmi"]
[SourceDate "2010.07.27"]

1. e4 c5 2. Nf3 e6 3. d4 cxd4 4. Nxd4 a6 5. Bd3 Bc5 6. Nb3 Ba7 7. Qe2 Ne7 8.
Be3 Nbc6 9. N1d2 O-O 10. Bxa7 Rxa7 11. f4 e5 12. f5 f6 13. c4 Nb4 14. O-O b5
15. Rfd1 Bb7 16. Bb1 Kh8 17. a3 Nbc6 18. Kh1 Qb6 19. c5 Qc7 20. Nf3 a5 21. Ba2
a4 22. Nbd2 b4 23. Rac1 b3 24. Bb1 Ra5 25. Qe3 Ba6 26. Bd3 Bxd3 27. Qxd3 Nd8
28. Qd6 1/2-1/2

[Event "Dutch Open 2010"]
[Site "Dieren NED"]
[Date "2010.07.28"]
[Round "2.8"]
[White "Stjazhkina, Olga"]
[Black "Brandenburg, Daan"]
[Result "0-1"]
[WhiteElo "2273"]
[BlackElo "2514"]
[PlyCount "62"]
[EventDate "2010.07.27"]
[EventType "swiss"]
[EventRounds "9"]
[EventCountry "NED"]
[Source "lmi"]
[SourceDate "2010.07.27"]

1. e4 e6 2. d4 d5 3. Nd2 Nf6 4. e5 Nfd7 5. c3 c5 6. f4 Nc6 7. Ngf3 a5 8. a4
cxd4 9. Nxd4 Qb6 10. N2b3 Nxd4 11. cxd4 Bb4+ 12. Kf2 f6 13. Bd3 fxe5 14. fxe5
O-O+ 15. Kg3 Rf7 16. h4 Be7 17. Bg5 Nxe5 18. dxe5 Bxg5 19. hxg5 Qe3+ 20. Kh2
Qxe5+ 21. Kg1 Qe3+ 22. Kh2 Qf4+ 23. Kg1 Qf2+ 24. Kh2 Rf4 25. Bxh7+ Kf8 26. Qh5
Rh4+ 27. Qxh4 Qxh4+ 28. Kg1 Qxg5 29. Rh3 e5 30. Rf3+ Ke7 31. Re1 Qh4 0-1

[Event "Dutch Open 2010"]
[Site "Dieren NED"]
[Date "2010.07.28"]
[Round "2.9"]
[White "Mekhitarian, Krikor Sevag"]
[Black "Rietveld, Renze"]
[Result "1-0"]
[WhiteElo "2511"]
[BlackElo "2238"]
[PlyCount "71"]
[EventDate "2010.07.27"]
[EventType "swiss"]
[EventRounds "9"]
[EventCountry "NED"]
[Source "lmi"]
[SourceDate "2010.07.27"]

1. e4 c5 2. Nf3 d6 3. d4 cxd4 4. Nxd4 Nf6 5. Nc3 a6 6. g4 Nc6 7. g5 Nd7 8. h4
Nde5 9. Be3 e6 10. f4 Nxd4 11. Bxd4 Nc6 12. Be3 b5 13. Qf3 Qc7 14. O-O-O Bd7
15. Kb1 Na5 16. Bd3 b4 17. Ne2 Nc4 18. Bd4 Rc8 19. Bxc4 Qxc4 20. Rd2 Bc6 21.
Ng3 d5 22. e5 Bc5 23. Ne2 Bd7 24. Bxc5 Qxc5 25. h5 a5 26. Nd4 a4 27. f5 exf5
28. Nxf5 Bxf5 29. Qxf5 b3 30. axb3 axb3 31. cxb3 Ra8 32. h6 gxh6 33. e6 Rf8 34.
Rxd5 Qa7 35. e7 Rg8 36. Rhd1 1-0

[Event "Dutch Open 2010"]
[Site "Dieren NED"]
[Date "2010.07.28"]
[Round "2.10"]
[White "Fargere, Francois"]
[Black "Hendrikx, Niels"]
[Result "1-0"]
[WhiteElo "2478"]
[BlackElo "2108"]
[PlyCount "83"]
[EventDate "2010.07.27"]
[EventType "swiss"]
[EventRounds "9"]
[EventCountry "NED"]
[Source "lmi"]
[SourceDate "2010.07.27"]

1. e4 e6 2. d4 d5 3. Nd2 Nf6 4. e5 Nfd7 5. Bd3 c5 6. c3 Nc6 7. Ne2 cxd4 8. cxd4
f6 9. exf6 Nxf6 10. O-O Bd6 11. Nf3 Qc7 12. Bg5 O-O 13. Bh4 Nh5 14. Qc2 h6 15.
Bh7+ Kh8 16. Bg6 Nf4 17. Nxf4 Bxf4 18. Rad1 Bd7 19. Rfe1 Qd6 20. g3 e5 21. gxf4
e4 22. Bxe4 dxe4 23. Ne5 Nxe5 24. fxe5 Qg6+ 25. Bg3 Bg4 26. Rc1 Rac8 27. Qb3
Bf3 28. Rxc8 Rxc8 29. h4 Rf8 30. Rc1 Qg4 31. Kh2 e3 32. Qxe3 Bd5 33. Qd2 Qf3
34. Rg1 Qg4 35. f4 Be6 36. Qg2 g5 37. d5 Bf5 38. fxg5 hxg5 39. e6 Kh7 40. Be1
Qf4+ 41. Qg3 Qd4 42. Bc3 1-0

[Event "Dutch Open 2010"]
[Site "Dieren NED"]
[Date "2010.07.28"]
[Round "2.11"]
[White "Goudriaan, Etienne"]
[Black "Zoler, Dan"]
[Result "0-1"]
[WhiteElo "2223"]
[BlackElo "2474"]
[PlyCount "66"]
[EventDate "2010.07.27"]
[EventType "swiss"]
[EventRounds "9"]
[EventCountry "NED"]
[Source "lmi"]
[SourceDate "2010.07.27"]

1. d4 Nf6 2. c4 e6 3. Nc3 Bb4 4. f3 d5 5. a3 Bxc3+ 6. bxc3 c5 7. cxd5 Nxd5 8.
dxc5 Qa5 9. e4 Nf6 10. Be3 O-O 11. Qb3 Na6 12. Nh3 Nd7 13. Bxa6 Qxa6 14. c4 Ne5
15. Rc1 Bd7 16. Qc3 f6 17. Nf2 Ba4 18. f4 Nf7 19. g4 Qc6 20. h4 b6 21. Rg1 e5
22. g5 exf4 23. Bxf4 fxg5 24. Bxg5 Nxg5 25. Rxg5 Rf7 26. Qe5 Re8 27. Qd5 Qf6
28. Ng4 Qf1+ 29. Kd2 Qf4+ 30. Kd3 Kh8 31. Ne5 Rxe5 32. Qxe5 Rd7+ 33. Kc3 Qd2#
0-1

[Event "Dutch Open 2010"]
[Site "Dieren NED"]
[Date "2010.07.28"]
[Round "2.12"]
[White "Visser, Yge"]
[Black "Blom, Vincent"]
[Result "1-0"]
[WhiteElo "2469"]
[BlackElo "2089"]
[PlyCount "55"]
[EventDate "2010.07.27"]
[EventType "swiss"]
[EventRounds "9"]
[EventCountry "NED"]
[Source "lmi"]
[SourceDate "2010.07.27"]

1. e4 d6 2. d4 Nf6 3. Nc3 g6 4. h3 Bg7 5. Bg5 O-O 6. Qd2 c6 7. Nf3 d5 8. Bd3
dxe4 9. Nxe4 Nxe4 10. Bxe4 Nd7 11. O-O Qb6 12. c3 e5 13. Rfe1 exd4 14. Nxd4 Nc5
15. Bh6 Nxe4 16. Rxe4 c5 17. Bxg7 Kxg7 18. Nf3 Rd8 19. Qe3 Bf5 20. Re7 Rd7 21.
Rxd7 Bxd7 22. Qe7 Be8 23. b3 Rc8 24. Re1 Bc6 25. Ng5 Bd5 26. Qe5+ Qf6 27. Qxd5
Rd8 28. Qxc5 1-0

[Event "Dutch Open 2010"]
[Site "Dieren NED"]
[Date "2010.07.28"]
[Round "2.13"]
[White "Kahleys, Kevin"]
[Black "Pruijssers, Roeland"]
[Result "0-1"]
[WhiteElo "2071"]
[BlackElo "2462"]
[PlyCount "82"]
[EventDate "2010.07.27"]
[EventType "swiss"]
[EventRounds "9"]
[EventCountry "NED"]
[Source "lmi"]
[SourceDate "2010.07.27"]

1. Nf3 Nf6 2. c4 g6 3. g3 Bg7 4. Bg2 O-O 5. d4 d6 6. Nc3 Nbd7 7. O-O e5 8. e4
a6 9. a4 a5 10. h3 Re8 11. Be3 exd4 12. Nxd4 Nc5 13. Qc2 c6 14. Rad1 Qe7 15. f3
Nfd7 16. Rfe1 Na6 17. Nb3 Ne5 18. Qe2 Be6 19. Nxa5 Qc7 20. f4 Qxa5 21. fxe5
Bxe5 22. Bf4 Qc5+ 23. Qf2 Qxf2+ 24. Kxf2 Bxc4 25. Bxe5 dxe5 26. Bf1 Bb3 27.
Bxa6 Rxa6 28. Rd7 Rb6 29. Rd2 Rb4 30. a5 Rd4 31. Ke3 Red8 32. Nb1 c5 33. Rxd4
cxd4+ 34. Kd3 Rc8 35. Nd2 Bc2+ 36. Ke2 f5 37. exf5 gxf5 38. Nf3 Be4 39. Nxe5
Re8 40. Nd7 Bc6+ 41. Kd2 Rxe1 0-1

[Event "Dutch Open 2010"]
[Site "Dieren NED"]
[Date "2010.07.28"]
[Round "2.14"]
[White "Hachijan, Armen"]
[Black "Iotov, Valentin"]
[Result "0-1"]
[WhiteElo "2158"]
[BlackElo "2581"]
[PlyCount "79"]
[EventDate "2010.07.27"]
[EventType "swiss"]
[EventRounds "9"]
[EventCountry "NED"]
[Source "lmi"]
[SourceDate "2010.07.27"]

1. e4 c5 2. Nf3 e6 3. d4 cxd4 4. Nxd4 Nc6 5. Nc3 Qc7 6. Be3 a6 7. Qd2 Nf6 8.
O-O-O Be7 9. f3 h5 10. Qf2 d6 11. h3 b5 12. Nxc6 Qxc6 13. Bd3 b4 14. Ne2 e5 15.
g4 Be6 16. g5 Nd7 17. Kb1 Nc5 18. Nc1 O-O 19. Qe2 Nxd3 20. Nxd3 a5 21. g6 fxg6
22. Qg2 Bf7 23. f4 Bf6 24. fxe5 dxe5 25. Bg5 Rac8 26. Rhf1 Bxg5 27. Nxe5 Bxa2+
28. Kxa2 Qe6+ 29. Rd5 Rxf1 30. Qxf1 Rxc2 31. Qb5 Bf6 32. Kb1 Rg2 33. Qc4 Kh7
34. Nd7 Qe7 35. e5 Bh4 36. Rd6 Rf2 37. Qc8 b3 38. Qc4 a4 39. Rd1 a3 40. bxa3
0-1

[Event "Dutch Open 2010"]
[Site "Dieren NED"]
[Date "2010.07.28"]
[Round "2.15"]
[White "Vogel, Jaap"]
[Black "Swinkels, Robin"]
[Result "1/2-1/2"]
[WhiteElo "2184"]
[BlackElo "2483"]
[PlyCount "81"]
[EventDate "2010.07.27"]
[EventType "swiss"]
[EventRounds "9"]
[EventCountry "NED"]
[Source "lmi"]
[SourceDate "2010.07.27"]

1. Nf3 Nf6 2. d4 g6 3. g3 Bg7 4. Bg2 d5 5. O-O O-O 6. c4 dxc4 7. Na3 Nc6 8.
Nxc4 Be6 9. b3 Bd5 10. Bb2 a5 11. a4 Qc8 12. e3 Rd8 13. Qe2 h6 14. Rfd1 Qe6 15.
Rac1 Ne4 16. Ne1 Nb4 17. f3 Nd6 18. e4 Bc6 19. Bf1 Nxc4 20. Qxc4 Qxc4 21. Bxc4
e6 22. Nc2 Rd7 23. Kf2 Rad8 24. Ke3 Nxc2+ 25. Rxc2 h5 26. Rcd2 b6 27. Ba3 Bh6+
28. f4 g5 29. d5 gxf4+ 30. gxf4 e5 31. Rg2+ Kh7 32. Rdg1 Bb7 33. Kf3 f5 34. Rg6
fxe4+ 35. Kxe4 Bxf4 36. Re6 Rg8 37. Rxg8 Kxg8 38. h3 Kf7 39. Kf5 Kg7 40. Ke4
Kf7 41. Kf5 1/2-1/2

[Event "Dutch Open 2010"]
[Site "Dieren NED"]
[Date "2010.07.28"]
[Round "2.16"]
[White "Pedersen, Nicolai Vesterbaek"]
[Black "Merza, Morris"]
[Result "1/2-1/2"]
[WhiteElo "2461"]
[BlackElo "2063"]
[PlyCount "72"]
[EventDate "2010.07.27"]
[EventType "swiss"]
[EventRounds "9"]
[EventCountry "NED"]
[Source "lmi"]
[SourceDate "2010.07.27"]

1. Nf3 Nf6 2. c4 c6 3. d4 d5 4. e3 Bg4 5. h3 Bxf3 6. Qxf3 e6 7. Bd3 Nbd7 8. Nc3
Be7 9. cxd5 cxd5 10. O-O O-O 11. g4 Rc8 12. h4 Ne8 13. g5 f5 14. gxf6 Rxf6 15.
Qg4 Nd6 16. h5 Nf8 17. e4 dxe4 18. Nxe4 Nxe4 19. Bxe4 Rf7 20. Be3 Bf6 21. Rad1
Rd7 22. d5 exd5 23. Bxd5+ Kh8 24. Bxb7 Rb8 25. Bc6 Rxd1 26. Rxd1 Rb4 27. Qf3
Qc8 28. b3 Rg4+ 29. Kh1 Rh4+ 30. Kg2 Rb4 31. Kg1 Rg4+ 32. Kh1 Rh4+ 33. Kg2 Rg4+
34. Kh1 Rh4+ 35. Kg2 Rg4+ 36. Kh1 Rh4+ 1/2-1/2

[Event "Dutch Open 2010"]
[Site "Dieren NED"]
[Date "2010.07.28"]
[Round "2.17"]
[White "Monsma, Menno"]
[Black "Shalnev, Nikolai"]
[Result "1/2-1/2"]
[WhiteElo "2073"]
[BlackElo "2436"]
[PlyCount "75"]
[EventDate "2010.07.27"]
[EventType "swiss"]
[EventRounds "9"]
[EventCountry "NED"]
[Source "lmi"]
[SourceDate "2010.07.27"]

1. e4 c5 2. Nf3 d6 3. d4 cxd4 4. Nxd4 Nf6 5. Nc3 a6 6. Bg5 e5 7. Nb3 Be6 8. Qd2
Nbd7 9. f3 Be7 10. a4 b6 11. Be2 h6 12. Be3 Qc7 13. Nc1 Qb7 14. O-O d5 15. exd5
Nxd5 16. Nxd5 Bxd5 17. Nd3 O-O 18. Nb4 Be6 19. Rfd1 Nf6 20. Bd3 Rfd8 21. Qe1 a5
22. Na2 Nd5 23. Bd2 Qc7 24. Nc3 Nb4 25. Be4 Rac8 26. Nb5 Qc5+ 27. Be3 Nxc2 28.
Bxc2 Qxc2 29. Bxb6 Rxd1 30. Qxd1 Qxb2 31. Rb1 Qa2 32. Ra1 Qb3 33. Qxb3 Bxb3 34.
Bxa5 Ra8 35. Bc3 Bc5+ 36. Kh1 Bxa4 37. Bxe5 Re8 38. Bd4 1/2-1/2

[Event "Dutch Open 2010"]
[Site "Dieren NED"]
[Date "2010.07.28"]
[Round "2.18"]
[White "De Ruiter, Danny"]
[Black "Van Delft, Merijn"]
[Result "0-1"]
[WhiteElo "2116"]
[BlackElo "2364"]
[PlyCount "38"]
[EventDate "2010.07.27"]
[EventType "swiss"]
[EventRounds "9"]
[EventCountry "NED"]
[Source "lmi"]
[SourceDate "2010.07.27"]

1. d4 d5 2. c4 c6 3. Nc3 Nf6 4. Nf3 e6 5. Bg5 h6 6. Bh4 dxc4 7. e4 g5 8. Bg3 b5
9. Be2 Bb7 10. h4 g4 11. Ne5 h5 12. O-O b4 13. Na4 Nxe4 14. Bxc4 Bg7 15. Nxf7
Kxf7 16. Qe2 c5 17. f3 Bxd4+ 18. Bf2 Bxf2+ 19. Rxf2 g3 0-1

[Event "Dutch Open 2010"]
[Site "Dieren NED"]
[Date "2010.07.28"]
[Round "2.19"]
[White "Huhndorf, Arnold"]
[Black "Gruenhagen, Marc"]
[Result "1-0"]
[WhiteElo "2311"]
[BlackElo "2133"]
[PlyCount "83"]
[EventDate "2010.07.27"]
[EventType "swiss"]
[EventRounds "9"]
[EventCountry "NED"]
[Source "lmi"]
[SourceDate "2010.07.27"]

1. d4 d5 2. c4 c6 3. Nf3 Nf6 4. e3 a6 5. Bd3 Bg4 6. Nbd2 e6 7. Qc2 Be7 8. Ne5
Bh5 9. O-O Bg6 10. Nxg6 hxg6 11. b3 Nbd7 12. Bb2 Qc7 13. Nf3 O-O 14. h3 Rac8
15. c5 a5 16. a3 Rfe8 17. b4 Nh7 18. h4 Nhf8 19. Bc3 axb4 20. axb4 Ra8 21. Ra2
Rxa2 22. Qxa2 Bf6 23. Qa7 e5 24. Ba6 e4 25. Qxb7 Qxb7 26. Bxb7 exf3 27. Bxc6
fxg2 28. Ra1 Rd8 29. Ra8 Rxa8 30. Bxa8 Ne6 31. Bxd5 Nexc5 32. bxc5 Nxc5 33.
Kxg2 Nd7 34. Kg3 Be7 35. e4 Nf6 36. Bc6 Nh5+ 37. Kg4 Nf6+ 38. Kf3 Nh5 39. e5
Bxh4 40. Ba5 f6 41. e6 f5 42. d5 1-0

[Event "Dutch Open 2010"]
[Site "Dieren NED"]
[Date "2010.07.28"]
[Round "2.20"]
[White "Dirksen, Marieke"]
[Black "Diepeveen, Vincent"]
[Result "1/2-1/2"]
[WhiteElo "2003"]
[BlackElo "2294"]
[PlyCount "41"]
[EventDate "2010.07.27"]
[EventType "swiss"]
[EventRounds "9"]
[EventCountry "NED"]
[Source "lmi"]
[SourceDate "2010.07.27"]

1. e4 c6 2. d4 d5 3. e5 Bf5 4. Nf3 e6 5. Be2 c5 6. Be3 Nd7 7. O-O Rc8 8. c4
dxc4 9. d5 Nb6 10. d6 f6 11. Nc3 a6 12. a4 fxe5 13. a5 Nd5 14. Nxd5 exd5 15.
Qxd5 Qxd6 16. Qxb7 Rc7 17. Qb8+ Rc8 18. Qxd6 Bxd6 19. Bxc4 Rc6 20. Ng5 Nh6 21.
Ne6 1/2-1/2

[Event "Dutch Open 2010"]
[Site "Dieren NED"]
[Date "2010.07.28"]
[Round "2.21"]
[White "Vereggen, Lars"]
[Black "Heemskerk, Wim"]
[Result "1/2-1/2"]
[WhiteElo "1957"]
[BlackElo "2249"]
[PlyCount "111"]
[EventDate "2010.07.27"]
[EventType "swiss"]
[EventRounds "9"]
[EventCountry "NED"]
[Source "lmi"]
[SourceDate "2010.07.27"]

1. e4 e6 2. d4 d5 3. Nc3 Nf6 4. e5 Nfd7 5. f4 c5 6. Nf3 Nc6 7. Be3 Be7 8. Bd3
a6 9. Qd2 b5 10. dxc5 Bxc5 11. Ne2 Qb6 12. Bxc5 Qxc5 13. c3 Nb6 14. Ned4 Nc4
15. Bxc4 Qxc4 16. Nxc6 Qxc6 17. Nd4 Qc5 18. O-O Rb8 19. a3 Bd7 20. Kh1 Qe7 21.
Rae1 O-O 22. Rf3 f5 23. exf6 Qxf6 24. Re5 Rbe8 25. Qe2 h6 26. g3 Qg6 27. Rfe3
Qb1+ 28. Kg2 Rf6 29. Qd2 Qg6 30. Kh1 Kh7 31. Qe1 Qg4 32. Qe2 Qxe2 33. Rxe2 Kg8
34. Kg2 Kf7 35. b4 g6 36. h4 Rc8 37. R2e3 Rc7 38. h5 Bc8 39. hxg6+ Rxg6 40. Kf3
Rf6 41. g4 Kg7 42. f5 exf5 43. gxf5 Kf7 44. Kf4 Rd6 45. Re8 Rf6 46. Rd8 Bxf5
47. Nxf5 Rc4+ 48. Ke5 Re6+ 49. Kxd5 Rxe3 50. Nxe3 Rxc3 51. Nf5 Rxa3 52. Rd7+
Kf6 53. Nd4 a5 54. Rd6+ Kg5 55. Ke4 axb4 56. Nf3+ 1/2-1/2

[Event "Dutch Open 2010"]
[Site "Dieren NED"]
[Date "2010.07.28"]
[Round "2.22"]
[White "Akrawi, Samir"]
[Black "De Wilde, Rik"]
[Result "1-0"]
[WhiteElo "2247"]
[BlackElo "1956"]
[PlyCount "57"]
[EventDate "2010.07.27"]
[EventType "swiss"]
[EventRounds "9"]
[EventCountry "NED"]
[Source "lmi"]
[SourceDate "2010.07.27"]

1. d4 d5 2. Nf3 Nf6 3. c4 c6 4. g3 g6 5. Bg2 Bg7 6. O-O O-O 7. Ne5 Be6 8. cxd5
Bxd5 9. f3 Nfd7 10. Nxd7 Nxd7 11. Nc3 Qb6 12. Nxd5 cxd5 13. e3 e5 14. Qa4 Rad8
15. Rd1 exd4 16. exd4 Ne5 17. Bg5 Rc8 18. Be7 Rc4 19. Qb3 Re8 20. Qxb6 axb6 21.
dxe5 Rxe7 22. b3 Rc2 23. f4 g5 24. Rxd5 gxf4 25. Rd8+ Bf8 26. gxf4 Rec7 27. Be4
Re2 28. Bd3 Rb2 29. Kh1 1-0

[Event "Dutch Open 2010"]
[Site "Dieren NED"]
[Date "2010.07.28"]
[Round "2.23"]
[White "Van Mierlo, Guido"]
[Black "Kabos, Tobias"]
[Result "1/2-1/2"]
[WhiteElo "2053"]
[BlackElo "2214"]
[PlyCount "74"]
[EventDate "2010.07.27"]
[EventType "swiss"]
[EventRounds "9"]
[EventCountry "NED"]
[Source "lmi"]
[SourceDate "2010.07.27"]

1. e4 c6 2. d4 d5 3. exd5 cxd5 4. Bd3 Nc6 5. c3 Qc7 6. Ne2 Bg4 7. O-O Nf6 8. h3
Bxe2 9. Qxe2 e6 10. Bg5 h6 11. Bh4 O-O-O 12. a4 Bd6 13. Na3 Qe7 14. Bg3 Bxg3
15. fxg3 Rhe8 16. Rad1 Kb8 17. Qe3 a6 18. b4 e5 19. b5 Qxa3 20. bxc6 e4 21. Be2
bxc6 22. Bxa6 Kc7 23. Ra1 Qd6 24. Rfb1 Rb8 25. Qe1 Kd7 26. a5 Qc7 27. Be2 Rxb1
28. Qxb1 Qxg3 29. a6 Qc7 30. Qf1 Ra8 31. Rb1 Ra7 32. Qf5+ Ke7 33. Qf2 Nd7 34.
Rf1 Nf6 35. Rb1 Nd7 36. Qh4+ Nf6 37. Qf2 Nd7 1/2-1/2